[Event "Chess24 Legends of Chess"]
[Site "Online"]
[Date "2020.07.18"]
[Round "2.2"]
[White "Giri, Anish"]
[Black "Kramnik, Vladimir"]
[Result "1-0"]
[WhiteElo "2731"]
[BlackElo "2756"]
[Annotator "TA"]
[PlyCount "73"]
[EventDate "2020.07.21"]
[EventType "tourn"]
[SourceTitle "playchess.com"]
[Source "ChessBase"]
[SourceQuality "1"]

{[%evp 9,73,18,18,16,37,35,32,35,35,38,33,30,48,42,45,31,26,23,27,11,6,10,14,10,11,0,0,0,28,23,72,65,109,111,116,112,103,116,198,179,193,192,283,202,209,170,179,178,172,170,170,170,170,170,193,147,147,150,151,143,149,152,469,456,457,446]} 1. d4 Nf6 2. c4 e6 3. Nf3 d5 4. Nc3 Nbd7 5. Bf4 dxc4 6. e3 {D37: Queen's Gambit Declined: 5 Bf4.} b5 7. Nxb5 Bb4+ 8. Nc3 {White is slightly better.} Nd5 9. a3 Nxc3 10. Qd2 {[%mdl 64] [#] Pin} Bxa3 {Threatens to win with ...Ne4.} 11. Qxc3 Bd6 12. Bxd6 cxd6 13. Bxc4 O-O {[#]} 14. d5 $5 $146 {[%mdl 8] An interesting novelty.} ({Predecessor:} 14. O-O Bb7 15. Be2 Nf6 16. Rfc1 Qb6 17. Nd2 Ne4 18. Nxe4 Bxe4 19. b4 a6 20. Qa3 {½-½ (34) Tomashevsky,E (2706)-Predke,A (2650) Izhevsk 2019}) 14... e5 15. O-O $36 {[%mdl 2048] White is more active.} a5 16. Nd2 Bb7 17. b3 Qb6 18. Ra2 Rfc8 19. e4 Rc5 20. Rfa1 Qd8 21. b4 axb4 22. Rxa8 ({Much less strong is} 22. Qxb4 $6 Rb8 $14) 22... Bxa8 23. Qxb4 h6 (23... f5 $16) 24. Ra6 Nf6 25. Bf1 Kh7 (25... Qc8 {was called for.} 26. Rb6 (26. Rxd6 Rc1 $16) 26... Nd7) 26. Ra7 Rc8 27. Rxf7 Rb8 28. Qa3 {[#] Hoping for Qa7.} Rb7 29. Rxb7 Bxb7 30. Nc4 Ne8 31. Qa7 Qc7 32. Na5 Bc8 33. Qxc7 Nxc7 34. Nc4 Ne8 35. Nb6 Bg4 $2 (35... Bb7 $16 36. Be2 Kg6) 36. f3 $18 Bh5 37. Nc8 {Accuracy: White = 89%, Black = 62%.} 1-0

[Event "Chess24 Legends of Chess"]
[Site "Online"]
[Date "2020.07.18"]
[Round "2.2"]
[White "Leko, Peter"]
[Black "Svidler, Peter"]
[Result "1-0"]
[WhiteElo "2710"]
[BlackElo "2742"]
[Annotator "TA"]
[PlyCount "75"]
[EventDate "2020.07.21"]
[EventType "tourn"]
[SourceTitle "playchess.com"]
[Source "ChessBase"]
[SourceQuality "1"]

{[%evp 10,75,17,15,15,14,15,18,10,18,15,11,11,16,18,5,13,16,4,5,22,35,34,28,39,21,23,21,30,34,52,60,53,49,69,79,74,80,210,220,307,293,270,279,475,468,472,462,437,399,429,376,602,525,439,183,487,462,880,872,851,841,789,756,733,730,6179,5520]} 1. e4 e5 2. Nf3 Nc6 3. Bc4 Bc5 4. O-O Nf6 5. d3 d6 6. c3 a5 {6...h6 gains popularity. C54: Giuoco Piano: 4 c3 Nf6, main lines with 5 d4 and 5 d3.} 7. Re1 O-O 8. h3 h6 {The position is equal.} 9. Nbd2 a4 10. Bb5 Bd7 11. Nf1 Ne7 12. Bxd7 Qxd7 13. d4 Bb6 14. Ng3 Ng6 15. Be3 exd4 16. cxd4 Rfe8 {[#]} 17. Qd3 $146 ({Predecessor:} 17. Qc2 Qb5 18. Rac1 Rac8 19. d5 Ba5 20. Nd4 Qd7 21. Red1 h5 22. h4 Bb6 23. Bg5 {½-½ (36) Kadric,D (2522)-Tan,J (2481) Paracin 2018}) 17... c5 18. Rad1 c4 19. Qc2 Ba5 20. Re2 $1 b5 21. d5 Rac8 22. Nd4 Ne5 23. Ndf5 h5 {[#] Now Black is done in.} (23... g6 $16) 24. Bd4 $1 $18 {Threatens to win with Qc1.} g6 25. f4 gxf5 26. Nxf5 Nxe4 $2 (26... a3 27. bxa3 (27. fxe5 dxe5 28. Nh6+ Kh8 $16) 27... Neg4) 27. Nh6+ {[%mdl 64] Zwischenzug} ({Weaker is} 27. Rxe4 Qxf5 28. fxe5 Qh7 $16) (27. Qxe4 $2 Ng6 $19) (27. fxe5 Qxf5 28. Rxe4 Qh7 $16) 27... Kh7 {Strongly threatening ...Nd3.} 28. fxe5 ({Wrong is} 28. Rxe4 $2 Nd3 $19) 28... dxe5 29. Qxe4+ {[%mdl 64] Double Attack} ({Worse is} 29. Rxe4 exd4 30. Rxe8+ d3 $11) 29... Kxh6 30. Bxe5 f5 $2 (30... Bd8 31. Qf3 Bg5) 31. Qf4+ Kh7 32. Rf1 (32. Qf3 $142 Qf7 33. d6) 32... Bc7 $2 (32... c3) 33. Rfe1 {Hoping for Bxc7.White is clearly winning.} Bxe5 (33... Rxe5 $142 34. Rxe5 Re8 35. Rxe8 Bxf4 36. R8e7+ Qxe7 37. Rxe7+ Kg6) 34. Rxe5 Rxe5 35. Rxe5 Rf8 36. Re6 {Threatening mate with Qh6+.} Qg7 37. d6 Rf7 {[#]} 38. d7 $1 {[%mdl 512] Accuracy: White = 93%, Black = 53%.} 1-0

[Event "Chess24 Legends of Chess"]
[Site "Online"]
[Date "2020.07.18"]
[Round "2.2"]
[White "Gelfand, Boris"]
[Black "Ivanchuk, Vasyl"]
[Result "1/2-1/2"]
[WhiteElo "2702"]
[BlackElo "2686"]
[Annotator "TA"]
[PlyCount "131"]
[EventDate "2020.07.21"]
[EventType "tourn"]
[SourceTitle "playchess.com"]
[Source "ChessBase"]
[SourceQuality "1"]

{[%evp 29,131,49,62,58,87,15,15,20,11,25,30,-6,0,0,0,0,0,0,0,0,0,0,0,0,0,0,4,0,0,0,0,0,0,0,0,0,0,0,0,0,0,0,0,0,0,0,0,-14,-4,-10,0,-17,-16,-13,-25,-33,-26,-47,-59,-32,0,-110,-110,-91,-101,-91,-133,-102,-36,-58,-60,-82,-43,-36,-55,-36,-64,-66,-56,-57,-57,-58,0,-74,-99,-108,0,0,0,0,0,0,0,0,0,0,0,0,0,0,0,0,0,0]} 1. d4 Nf6 2. c4 g6 3. Nc3 d5 4. cxd5 Nxd5 5. e4 Nxc3 6. bxc3 Bg7 7. Bc4 c5 8. Ne2 Nc6 9. Be3 O-O 10. O-O Bg4 11. f3 Na5 12. Bxf7+ Rxf7 13. fxg4 Rxf1+ 14. Kxf1 cxd4 15. cxd4 e5 16. Kg1 {D88: Exchange Grünfeld: Classical Line: 10 Be3 cxd4 11 cxd4.} Rc8 17. dxe5 (17. d5 $16) 17... Bxe5 $11 18. Qxd8+ Rxd8 {[#]} 19. Rc1 $146 ({Predecessor:} 19. Rb1 b6 20. Rc1 Kf7 21. Bf4 Ke6 22. Bxe5 Kxe5 23. Rc7 Rd2 24. Kf1 Rxa2 25. Re7+ Kf6 26. Rxa7 h6 {½-½ (26) Jussupow,A (2605)-Braun,A (2491) Pulvermuehle 2006}) 19... Nc6 20. Nf4 Bxf4 21. Bxf4 {[%mdl 4096] Endgame KRB-KRN} Rd4 22. Bh6 Rxe4 23. Rf1 {[%csl Gh6][%cal Rf1f8]} Re8 24. h3 Ne5 25. Kh2 Nf7 26. Bf4 Re2 27. a3 Re4 28. Bd2 Ne5 29. Bh6 {[%csl Gh6][%cal Rf1f8]} Nf7 30. Bd2 Ne5 31. Bb4 Nc6 32. Bf8 Nd8 33. Bc5 {And now Rf8+ would win.} b6 34. Bd6 {Threatens to win with Rf8+.} Ne6 35. Rc1 Rd4 36. Rc8+ Kf7 37. Bb8 Rd7 38. Be5 Rd8 39. Rc6 Rd3 40. Bb2 Ke7 41. Rc8 Rd2 42. Bc1 Rd8 43. Rc4 Rd5 44. Be3 Kd7 45. h4 (45. Ra4 $11) 45... Rd3 $17 46. Bc1 Rd4 47. Rxd4+ Nxd4 {KB-KN} 48. Bb2 Ne2 (48... Ne6 $1 $17) 49. g3 {Black must now prevent Kg2.} Ke6 50. Kg2 $1 {[%cal Rg2f2] [#] aiming for Kf2.} Kd5 $1 51. Kf3 Nd4+ 52. Ke3 Ne6 53. h5 a5 54. Kd3 Nc5+ 55. Ke3 Kc4 (55... b5 $15 56. Bf6 Kc4) 56. Bf6 {[#]} (56. Kf4 $1 $11 {remains equal.}) 56... b5 $1 57. Kf4 b4 ({Black should try} 57... Ne6+ $17 58. Ke3 Nc7) 58. axb4 $11 {The position is equal.} axb4 {...Kd3 is the strong threat.} 59. Ba1 b3 60. hxg6 hxg6 61. Kg5 Ne4+ 62. Kxg6 Nxg3 63. g5 Ne4 64. Kf5 Nxg5 65. Kxg5 b2 66. Bxb2 {Accuracy: White = 90%, Black = 88%.} 1/2-1/2

[Event "Chess24 Legends of Chess"]
[Site "Online"]
[Date "2020.07.18"]
[Round "2.3"]
[White "Carlsen, Magnus"]
[Black "Anand, Viswanathan"]
[Result "1/2-1/2"]
[WhiteElo "2881"]
[BlackElo "2751"]
[Annotator "TA"]
[PlyCount "82"]
[EventDate "2020.07.21"]
[EventType "tourn"]
[SourceTitle "playchess.com"]
[Source "ChessBase"]
[SourceQuality "1"]

{[%evp 11,82,16,18,11,25,25,16,2,10,3,4,4,22,20,15,0,26,24,25,26,22,22,35,3,8,8,6,6,0,0,8,12,6,10,31,1,17,9,8,0,0,0,0,0,0,0,0,0,0,0,0,0,0,0,0,0,0,0,0,0,0,0,0,0,0,0,0,0,0,0,0,0,0]} 1. d4 Nf6 2. c4 e6 3. Nf3 d5 4. Nc3 Bb4 5. Qa4+ (5. cxd5 exd5 6. Bg5 h6 7. Bh4 O-O 8. e3 Bf5 9. Nd2 g5 10. Bg3 c5 11. a3 Bxc3 12. bxc3 c4 13. h4 g4 14. h5 Nbd7 15. Bf4 Qa5 16. Qc1 Nb6 17. Bxh6 Na4 18. Bxf8 Rxf8 19. f3 {1-0 (39) Carlsen,M (2870)-Anand,V (2757) Kolkata 2019}) 5... Nc6 6. e3 O-O 7. Qc2 $1 {[%mdl 4] is recently more successful than 7.Bd2. Played by Magnus Carlsen in July 2020. D38: Queen's Gambit Declined: Ragozin Defence (4 Nf3 Bb4).} Re8 8. Bd2 Bf8 9. a3 e5 10. dxe5 Nxe5 11. cxd5 Nxf3+ 12. gxf3 Nxd5 {[#]} 13. h4 $146 ({Predecessor:} 13. Bd3 Nxc3 14. Bxc3 Qh4 15. O-O-O g6 16. Be4 Bg7 17. Qa4 Qe7 18. Bxg7 Kxg7 19. h4 {0-1 (36) Navara,D (2703)-Grischuk,A (2764) Hamburg 2019}) 13... Nxc3 14. Bxc3 Qd5 $1 {[%cal Rd5f3]} 15. Be2 Bf5 16. Qa4 Bd7 17. Rd1 (17. Qf4 {with more complications.} Bd6 18. Bc4 Bxf4 19. Bxd5 c6 20. Be4) 17... Qxf3 18. Bxf3 Bxa4 19. Bxb7 Bxd1 20. Bxa8 Bg4 21. Bc6 Rd8 {[%csl Gg4][%cal Rd8d1] [#]} 22. f3 Be6 23. Bd4 a6 {The position is equal.} 24. Kf2 g6 25. Rc1 Bg7 26. Bxg7 Kxg7 $11 {[%mdl 4096] Endgame KRB-KRB} 27. Ke2 a5 $1 28. a4 Kh6 29. Rc5 Rb8 30. Kf2 Rxb2+ 31. Kg3 Rb6 32. Bd5 Bxd5 33. Rxd5 {KR-KR} Rb4 34. Rxa5 c5 35. Rxc5 Rxa4 36. e4 Kg7 37. Rc7 Ra5 38. Rd7 Rb5 39. Rc7 Ra5 40. Rd7 Rb5 41. Rc7 Ra5 {An uneventful encounter. Accuracy: White = 93%, Black = 100%.} 1/2-1/2

[Event "Chess24 Legends of Chess"]
[Site "Online"]
[Date "2020.07.18"]
[Round "2.3"]
[White "Nepomniachtchi, Ian"]
[Black "Ding, Liren"]
[Result "1/2-1/2"]
[WhiteElo "2778"]
[BlackElo "2836"]
[Annotator "TA"]
[PlyCount "96"]
[EventDate "2020.07.21"]
[EventType "tourn"]
[SourceTitle "playchess.com"]
[Source "ChessBase"]
[SourceQuality "1"]

{[%evp 10,96,21,4,10,10,43,20,47,47,51,46,48,50,50,47,50,31,47,16,26,22,24,22,26,28,23,22,168,175,166,154,157,157,158,163,164,145,180,180,178,175,172,146,146,151,200,220,213,206,201,217,216,224,225,207,210,210,221,215,270,263,279,277,270,272,349,335,311,285,338,336,333,341,366,356,501,495,486,479,485,388,374,374,415,390,350,0,8]} 1. e4 c6 2. Nf3 d5 3. Nc3 Bg4 4. h3 Bxf3 5. Qxf3 Nf6 6. Be2 e6 {B11: Caro-Kann: Two Knights Variation.} 7. O-O Bc5 8. Rd1 d4 9. e5 {[#]} Nfd7 $146 ({Predecessor:} 9... dxc3 10. exf6 Qxf6 11. Qxf6 gxf6 12. bxc3 Nd7 13. d4 Bd6 14. Rb1 O-O-O 15. Be3 f5 {1-0 (40) Wagner,D (2581)-Srihari,L (2414) chess.com INT 2020}) 10. Ne4 Be7 11. Qg3 O-O 12. d3 {Black must now prevent Bh6!} Bh4 13. Qf4 c5 14. Nd6 Be7 15. Nxb7 Qc7 $1 {[%cal Rc7b7]} 16. Nd6 $36 {[%mdl 2048] White has some pressure.} Nc6 17. Nc4 Ndxe5 18. Qg3 Bf6 (18... Rad8 $11 {and Black stays safe.}) 19. Bf4 $18 Rad8 20. Kh1 {Threatens to win with Bf3.} Kh8 21. Bf3 {[#] Hoping for Bxc6.} g5 22. Bxg5 Bxg5 23. Bxc6 ({But not} 23. Qxg5 $6 f6 $16) 23... Bf6 24. Re1 Qxc6 25. Nxe5 Qb7 26. Qf3 Qxf3 27. Nxf3 ({Resist} 27. gxf3 Bg7 $16) 27... c4 28. dxc4 d3 29. cxd3 Rxd3 30. Rab1 a5 31. b3 Kg7 32. Red1 Rfd8 33. Rxd3 Rxd3 {[%mdl 4096] Endgame KRB-KRN} 34. Rc1 Bd8 35. Kg1 Bc7 36. Kf1 e5 37. Ke2 e4 38. Nd2 f5 39. Rd1 Bb6 40. g4 Kf6 41. gxf5 Kxf5 42. Nxe4 Rxd1 (42... Rxh3 $142 43. Nd6+ Kg4) 43. Ng3+ Kf4 44. Kxd1 Bxf2 45. Nh5+ Kg5 46. Ke2 Bb6 47. Ng3 Kf4 48. Nh5+ $2 {[#]} (48. Nh1 $18) 48... Kg5 $1 {Accuracy: White = 91%, Black = 66%.} 1/2-1/2

[Event "Chess24 Legends of Chess"]
[Site "Online"]
[Date "2020.07.18"]
[Round "2.3"]
[White "Kramnik, Vladimir"]
[Black "Giri, Anish"]
[Result "1/2-1/2"]
[WhiteElo "2756"]
[BlackElo "2731"]
[Annotator "TA"]
[PlyCount "107"]
[EventDate "2020.07.21"]
[EventType "tourn"]
[SourceTitle "playchess.com"]
[Source "ChessBase"]
[SourceQuality "1"]

{[%evp 10,107,0,-5,-1,0,12,16,18,28,18,19,25,0,0,0,0,0,0,0,0,0,0,0,0,0,0,0,0,-6,0,-24,0,7,15,0,35,32,21,31,29,25,12,25,20,8,17,-16,-14,-50,-56,-72,-65,-72,-67,-149,-156,-168,-168,-152,-150,-151,-146,-184,-135,-193,-150,-166,-97,-508,-134,-216,-200,-206,-206,-203,-33,-34,0,0,0,0,0,0,0,0,0,0,0,-1635,-721,-12841,0,0,0,0,0,0,0,0]} 1. d4 Nf6 2. Nf3 d5 3. c4 e6 4. cxd5 exd5 5. Qc2 c6 6. Nc3 Be7 {D35: Queen's Gambit Declined: Exchange Variation.} 7. h3 O-O 8. Bf4 g6 9. e3 Bf5 10. Qb3 Qb6 11. Nd2 Nbd7 12. g4 Be6 $1 {[#]} 13. Bd3 $146 ({Predecessor:} 13. Be2 Qxb3 14. Nxb3 a5 15. Rc1 a4 16. Nd2 a3 17. b3 Bb4 18. Bh6 Rfc8 19. Kd1 {0-1 (28) Korchagin,O (1957)-Bracker,A (2227) Riga 2019}) 13... Qxb3 14. Nxb3 a5 15. Nd2 a4 16. a3 b5 17. f3 Nb6 18. Ke2 Ra7 19. Bc2 Rfa8 20. Rhc1 b4 21. axb4 Bxb4 22. Bd3 Nc4 23. Bxc4 dxc4 24. e4 a3 25. bxa3 Rxa3 26. Rxa3 Rxa3 27. Ndb1 Rb3 28. Bh6 Ne8 $36 {[%mdl 2048] Black fights for an advantage.} 29. Rc2 f5 30. Bd2 fxe4 31. fxe4 h5 32. Ra2 (32. Kd1 $15) 32... hxg4 $17 33. hxg4 Bxg4+ 34. Ke3 Bf8 35. Kf4 Be6 36. Kg5 Kf7 37. Kh4 (37. Ra6 $17) 37... Nd6 38. Ra7+ Rb7 (38... Nb7 $19 39. Kg3 Be7) 39. Ra6 $2 {[%mdl 8192] [#]} (39. Rxb7+ $17 {nothing else works.} Nxb7 40. Nd1) 39... Nb5 $2 (39... Rxb1 $1 $19 {[%mdl 512] and Black stays clearly on top.} 40. Nxb1 Nxe4) 40. d5 (40. Ne2 $17) 40... cxd5 $19 41. exd5 Bf5 42. Nxb5 Be7+ $2 ({Much less strong is} 42... Bxb1 43. Nd6+ Bxd6 44. Rxd6 $17) ({Black should play} 42... Rxb5 $19 43. Ra7+ Kg8) 43. Bg5 $1 $15 {Threatens to win with N1c3.} Bxg5+ 44. Kxg5 {Hoping for Nd6+.} Rxb5 {[%mdl 4160] Endgame Double Attack. KRB-KRN} 45. Ra7+ Ke8 46. Nc3 $1 {[%cal Rc3b5]} Rb3 47. Ne2 Rb2 (47... Re3 $5 48. Nd4 $8 Re5 49. Nxf5 Rxf5+ 50. Kxg6 Rxd5 $11) 48. Nf4 c3 49. Rc7 $2 {[%mdl 8192]} (49. Ne6 $11) 49... c2 $19 50. Nxg6 Kd8 $2 ({Better is} 50... Be4 $19 51. Ne5 Rb1) 51. d6 $1 $11 {The position is equal.} Bxg6 52. Kxg6 {[#]} Rb6 $1 {[%mdl 512]} 53. Rxc2 Rxd6+ 54. Kf5 {Accuracy: White = 68%, Black = 74%.} 1/2-1/2

[Event "Chess24 Legends of Chess"]
[Site "Online"]
[Date "2020.07.18"]
[Round "2.3"]
[White "Svidler, Peter"]
[Black "Leko, Peter"]
[Result "1-0"]
[WhiteElo "2742"]
[BlackElo "2710"]
[Annotator "TA"]
[PlyCount "63"]
[EventDate "2020.07.21"]
[EventType "tourn"]
[SourceTitle "playchess.com"]
[Source "ChessBase"]
[SourceQuality "1"]

{[%evp 14,63,-7,-12,-19,-47,-48,-49,-37,-52,-53,-52,-50,-54,-33,-28,-22,-35,-41,-39,-35,-22,-14,-27,-32,-37,0,-30,11,1,217,237,236,229,223,227,646,230,241,245,365,375,520,529,508,517,525,491,918,913,883,897]} 1. Nf3 Nf6 2. g3 c5 3. Bg2 Nc6 4. O-O e5 5. c4 d5 6. cxd5 Nxd5 7. Nc3 Be6 {[#]} 8. Ng5 $1 {[%mdl 512]} Qxg5 {A30: Symmetrical English: Double Fianchetto and Hedgehog.} 9. Nxd5 Qd8 $1 10. Ne3 Rc8 {Black is slightly better.} 11. b3 Bd6 12. Bb2 O-O {[#]} 13. Rc1 $146 ({Predecessor:} 13. Qe1 Qd7 14. f4 exf4 15. gxf4 Nd4 16. Kh1 f5 17. Rc1 Bb8 18. Qf2 b6 19. Nc2 Nxc2 20. Rxc2 {½-½ (25) Dizdarevic,E (2527)-Tukmakov,V (2582) Solin/Split 2000}) 13... b5 14. Nd5 a6 15. e3 Bxd5 16. Bxd5 Nb4 17. Be4 Nxa2 18. Ra1 Nb4 19. Bc3 a5 (19... f5 $5 {[%cal Rf5e4]} 20. Bb7 Rb8 $15) 20. Qe2 Qb6 21. f4 Rfe8 $2 {[#] Now Black is done in.} (21... Rce8 $1 $11) 22. Bxh7+ $1 $18 {[%mdl 512]} Kxh7 23. Qh5+ Kg8 {And now ...f6 would win.} 24. fxe5 g6 $2 (24... Rc7) 25. Qf3 $2 (25. Qh3 {White wants to mate with e6!} Bxe5 {[#]} 26. Rxf7 $1 {[%mdl 576] Deflection} Kxf7 27. Qh7+ Kf8 28. Rf1+ Qf6 29. Rxf6+ Bxf6 30. Bxf6) 25... f5 (25... Bxe5 26. Qxf7+ Kh8 27. Rf4 Qf6 28. Rxf6 Rf8 29. Qxg6 Bxf6 30. Bxf6+ Rxf6 31. Qxf6+) 26. exd6 $40 {[%mdl 128] White is out for blood.} Re4 (26... Qxd6 $142 27. Qb7 (27. Rxa5 Nd5 $18) 27... Qc7 28. Qxb5 Nd5) 27. Qg2 {Black must now prevent Qh3.} Nd5 28. d3 {d7 is the strong threat.White is clearly winning.} Nxc3 29. dxe4 Nxe4 30. g4 c4 (30... Nxd6 $142 31. gxf5 Qb7) 31. gxf5 Qxe3+ 32. Kh1 {Accuracy: White = 78%, Black = 43%.} 1-0

[Event "Chess24 Legends of Chess"]
[Site "Online"]
[Date "2020.07.18"]
[Round "2.3"]
[White "Ivanchuk, Vasyl"]
[Black "Gelfand, Boris"]
[Result "1/2-1/2"]
[WhiteElo "2686"]
[BlackElo "2702"]
[Annotator "TA"]
[PlyCount "80"]
[EventDate "2020.07.21"]
[EventType "tourn"]
[SourceTitle "playchess.com"]
[Source "ChessBase"]
[SourceQuality "1"]

{[%evp 10,80,-12,-12,-9,-12,0,-7,0,0,0,0,0,-5,12,14,14,12,17,15,15,11,2,10,2,14,21,25,34,-6,0,0,0,0,0,0,10,9,10,10,10,11,10,15,19,19,18,20,17,17,39,32,56,56,43,0,0,0,0,0,0,0,0,0,0,0,-6,-8,0,0,0,-5,0]} 1. d4 Nf6 2. c4 e6 3. Nf3 d5 4. Bg5 dxc4 5. Nc3 a6 6. a4 Nc6 {D24: Queen's Gambit Accepted: 3 Nf3 Nf6 4 Nc3.} 7. e3 Na5 8. Nd2 Bb4 {[#]} 9. Be2 $146 ({Predecessor:} 9. Nxc4 Qd5 10. Bxf6 Nxc4 11. Bxg7 Rg8 12. Qb3 Bxc3+ 13. Qxc3 Rxg7 14. Qxc4 Qxc4 15. Bxc4 Rxg2 {0-1 (49) Hoang,T (2364)-Pratyusha,B (2294) Hyderabad 2018}) 9... c5 10. dxc5 Bxc5 11. O-O O-O 12. Nxc4 Nxc4 13. Bxc4 Qxd1 14. Rfxd1 b6 15. Bd3 Bb7 16. Bxf6 gxf6 17. Be4 Bxe4 18. Nxe4 f5 19. Nd2 Rfd8 20. Kf1 Kf8 21. Ke2 Ke8 22. Rac1 Rd5 23. Nf3 Rxd1 24. Kxd1 $11 {[%mdl 4096] Endgame KRB-KRN} Ke7 25. g3 Rd8+ 26. Ke2 Rd5 27. Rc4 Kf6 28. Ne1 b5 29. axb5 axb5 30. Rc1 e5 31. Nd3 Bd6 32. f3 (32. Rc6 $5 {[%cal Rd3b4]} Ke7 33. Rb6 $14) 32... e4 {The position is equal.} 33. fxe4 fxe4 34. Nf2 Ke5 35. Rc8 f5 36. Re8+ Kf6 37. Rd8 Ke6 38. Re8+ Kf6 39. Rd8 Ke6 40. Re8+ Kf6 {Accuracy: White = 94%, Black = 100%.} 1/2-1/2

[Event "Chess24 Legends of Chess"]
[Site "Online"]
[Date "2020.07.18"]
[Round "2.4"]
[White "Anand, Viswanathan"]
[Black "Carlsen, Magnus"]
[Result "0-1"]
[WhiteElo "2751"]
[BlackElo "2881"]
[Annotator "TA"]
[PlyCount "76"]
[EventDate "2020.07.21"]
[EventType "tourn"]
[SourceTitle "playchess.com"]
[Source "ChessBase"]
[SourceQuality "1"]

{[%evp 9,76,19,27,15,20,18,16,4,9,-12,0,-13,-13,-48,-19,-27,-13,-46,-8,-24,0,-23,-29,-23,-1,-12,2,3,17,12,25,27,24,29,29,20,33,20,29,-35,-47,-53,-46,-40,-47,-24,-30,-41,-66,-54,0,-42,-20,-24,-39,-63,-63,-61,-56,-130,-119,-29989,0,-29988,-29989,-29989,-29990,-29990,-29991]} 1. e4 e5 2. Nf3 Nc6 3. Bb5 Nf6 4. d3 Bc5 5. Bxc6 dxc6 6. Nbd2 {C65: Ruy Lopez: Berlin Defence (3...Nf6), unusual lines and 4 0-0 Bc5.} Bg4 {6...Be6 is a critical line. Played by Anish Giri in June 2020.} 7. h3 Bh5 8. Nc4 {The position is equal.} (8. Nf1 Nd7 9. Ng3 Bxf3 10. Qxf3 g6 11. Be3 Qe7 12. O-O-O O-O-O 13. Ne2 Rhe8 14. Kb1 b6 15. h4 Kb7 16. h5 Bxe3 17. Qxe3 Nc5 18. hxg6 hxg6 {½-½ (32) Anand,V (2775)-Carlsen,M (2870) Chennai 2013}) 8... Nd7 9. Be3 (9. O-O {seems wilder.} f6 10. c3 Nf8 11. b4 Be7 12. Ne3) 9... f6 10. Qe2 Qe7 11. O-O-O O-O-O 12. Kb1 {[#]} Kb8 $146 ({Predecessor:} 12... Bf7 13. Nfd2 Kb8 14. f4 exf4 15. Bxf4 f5 16. Rhe1 Rhe8 17. Qf1 Bxc4 18. Nxc4 fxe4 19. Rxe4 {½-½ (44) Sundararajan,K (2456)-Eden,J (2293) Paris 2016}) 13. Ncd2 Bb6 14. Nc4 Bc5 15. g4 Bf7 16. Nfd2 Nf8 17. f4 Bxe3 18. Qxe3 Ng6 19. fxe5 fxe5 20. Rdf1 Be6 21. Qg3 Rhf8 22. Ne3 Qc5 23. Rxf8 Rxf8 24. Nf5 (24. Qe1 $11) 24... Bxa2+ $15 {[%mdl 64] Decoy} 25. Kxa2 Qa5+ {[%mdl 64] Double Attack} 26. Kb1 {And now Nc4 would win.} Qxd2 27. h4 Rf7 28. h5 Nf4 29. g5 {g6 is the strong threat.} a5 (29... b5 $1 $15) 30. Ne3 Qb4 31. Nc4 a4 32. g6 hxg6 33. hxg6 Rf6 $1 ({Of course not} 33... Rf8 $6 34. Qg5 $14) 34. Rh8+ ({White should try} 34. Qg5 $15 Nxg6 35. Nxe5) 34... Ka7 $1 $17 35. Qg4 $2 {[%mdl 8192]} ({Wrong is} 35. Nxe5 $2 a3 $19) (35. Rh2 $17) 35... Nxg6 $2 (35... Qe1+ {mates} 36. Ka2 {[#]} Nxd3 $1 {[%mdl 512]} 37. Qe2 Nc1+ 38. Ka3 Qxe2 39. b3 Qxc2 40. Rh3 c5 41. Kxa4 Ka6 42. Na3 Qa2 $1 {[%mdl 512]} 43. Rh8 Qxb3#) 36. Re8 $2 {[%mdl 8192]} (36. Qg1+ $11 c5 37. Rc8) 36... Qe1+ {Black mates.} 37. Ka2 Rf1 {[%csl Gf1][%cal Re1a1]} 38. Ka3 c5 {Accuracy: White = 69%, Black = 85%.} 0-1